| 000 | 00503nam a22001937a 4500 | ||
|---|---|---|---|
| 003 | OSt | ||
| 005 | 20140310182344.0 | ||
| 008 | 130927t xxu||||| |||| 00| 0 eng d | ||
| 020 | _a9780516492575 | ||
| 050 |
_aTT 157 .L563 1990 _b.L831 1990 |
||
| 245 |
_aNature crafts / _cSabine Lohf |
||
| 260 |
_aChicago : _bChildren Press, _cc1990. |
||
| 300 |
_a44 p. _billus., _c28 cm. |
||
| 500 | _aIncludes index. | ||
| 541 | _j1 | ||
| 562 | _e1 | ||
| 650 |
_aNature craft _921890 |
||
| 942 |
_2lcc _cBK-GS |
||
| 999 |
_c12191 _d12191 |
||